000 00441nam a2200181Ia 4500
001 21462
005 20260306172921.0
008 260306t2020||||xx |||||||||||||| ||spa||
041 _aESP
082 _a345
_bU61
110 _aUniversidad de Lima
245 0 _aDerecho Procesal :
_brealidad, reforma y tecnologĂ­a
260 _c2020
300 _a448 páginas :
_c27 cm.
650 _aGEN
654 _aCDE
942 _cLIB
_dJUS
_fJUS
_2ddc
_n
999 _c21462
_d21462